¿Quién es el hombre? : las conferencias en el Raymond Fred West Memorial de la Universidad de Stanford /

Detalles Bibliográficos
Autor principal: Heschel, Abraham Joshua, 1907-1972 (Autor)
Otros Autores: Abdala, Leah (Traductor), Stern, Daniel N. (Traductor)
Formato: Electrónico eBook
Lenguaje:español
inglés
Publicado: Ciudad de México : Herder, [2019]
Colección:Pequeños justos.
Materias:
Acceso en línea:Digitalia Hispánica

MARC

LEADER 00000nam a2200000 i 4500
001 DIGHERDER0656
003 NyNyDIG
007 cr |||||||||||
008 231010s2019 mx ob 000 0 spa d
006 m o d
035 |a (OCoLC)1402839256 
040 |a DGITA  |b eng  |e rda  |e pn  |c DGITA 
020 |z 9786077727811  |q (México) 
020 |z 9788425443299  |q (España) 
041 1 |a spa  |h eng 
050 1 4 |a BD450 ebook 
082 1 4 |a 128  |2 23 
100 1 |a Heschel, Abraham Joshua,  |d 1907-1972,  |e author. 
240 1 0 |a Who is man?.  |l Spanish  |s (Abdala and Stern) 
245 1 0 |a ¿Quién es el hombre? :  |b las conferencias en el Raymond Fred West Memorial de la Universidad de Stanford /  |c Abraham Joshua Heschel ; traducción de Leah Abdala y Daniel Stern. 
264 1 |a Ciudad de México :  |b Herder,  |c [2019] 
300 |a 1 online resource. 
336 |a text  |b txt  |2 rdacontent 
337 |a computer  |b c  |2 rdamedia 
338 |a online resource  |b cr  |2 rdacarrier 
347 |a text file  |2 rdaft 
347 |b PDF 
490 1 |a Los pequeños justos 
504 |a Includes bibliographical references. 
588 0 |a Online resource; title from PDF title page (Digitalia, viewed October 10, 2023) 
650 0 |a Philosophical anthropology. 
700 1 |a Abdala, Leah,  |e translator. 
700 1 |a Stern, Daniel N.,  |e translator. 
700 1 |i Translation of:  |a Heschel, Abraham Joshua,  |d 1907-1972.  |t Who is man?. 
791 2 |a Digitalia (Firm),  |e distributor. 
793 0 |g Digitalia eBook Collection:  |a Herder Editorial 
776 0 8 |i Print version:  |a Heschel, Abraham Joshua, 1907-1972.  |s Who is man?. Spanish (Abdala and Stern).  |t ¿Quién es el hombre?.  |d Ciudad de México : Herder, [2019]  |z 9786077727811 
830 0 |a Pequeños justos. 
856 4 0 |3 Digitalia Hispánica  |u https://www.digitaliapublishing.com/a/129532/ 
910 |a Premium collection: 2023